000 00305nam a22001457a 4500
003 SGT
020 _a97893482286697
082 _a343.07
_bMYN
100 _aMYNENI S R
245 _aCOMPETITION LAW
250 _a2
260 _aFARIDABAD
_bNEW ERA PUBLICATION
_c2025
300 _a439
942 _2ddc
_cBK
999 _c34068
_d34068